000 00451nmm a2200157Ia 4500
008 251105s9999||||xx |||||||||||||||||und||
020 _a8484296288
041 _aspa
100 _aMartín Molleví, Sebastiá
245 0 _aProfundización en las técnicas del cálculo
264 _a[Madrid, España] :
_bUOC Papers,
_c2002
300 _a82 páginas
650 _aSciences
856 _uhttps://public.digitaliapublishing.com/a/5760
942 _cCF
999 _c73768
_d73768